000 nam a22 7a 4500
999 _c329576
_d329576
003 NUST
005 20170515120034.0
008 170515b xxu||||| |||| 00| 0 eng d
040 _cDLC
082 _a363.7394 LER
100 _aLerner, David N.
_9709
245 _aUrban Groundwater Pollution /
260 _aNetherlands:
_bA.A. Balkema Publishers,
300 _axviii, 277p. :
942 _2ddc
_cBK